The picture history of photography : from the earliest beginnings to the present day.

Bibliographic Details
Main Author: Pollack, Peter, 1909-1978
Format: Book
Language:English
Published: New York : H. N. Abrams, [1969]
Edition:Rev. and enl. ed.
Subjects:

MARC

Tag First Indicator Second Indicator Subfields
LEADER 00000cam a2200000 4500
001 in00000094823
005 20150927110549.0
008 700918s1969 nyuac b 00100 eng
010 |a  76076556  
035 |a (OCoLC)00092410 
035 |9 AAL6697AM 
040 |a DLC  |c DLC  |d TXA  |d UtOrBLW 
049 |a TXAM  |c [534607] 
050 0 0 |a TR15  |b .P55 1969 
082 0 |a 779 
100 1 |a Pollack, Peter,  |d 1909-1978. 
245 1 4 |a The picture history of photography :  |b from the earliest beginnings to the present day. 
250 |a Rev. and enl. ed. 
264 1 |a New York :  |b H. N. Abrams,  |c [1969] 
300 |a 708 pages :  |b illustrations (part color), portraits ;  |c 29 cm. 
336 |a text  |b txt  |2 rdacontent 
337 |a unmediated  |b n  |2 rdamedia 
338 |a volume  |b nc  |2 rdacarrier 
504 |a Bibliography: pages 698-701. 
650 0 |a Photography  |x History. 
999 |a MARS 
999 f f |s 34bc7e0f-0e8f-3588-9b25-dd464f9512ec  |i 926adee0-7a08-39bf-8081-788dd1b588f8  |t 0 
952 f f |p ric  |a Texas A&M University  |b Rellis Campus  |c Joint Library Facility  |d Remote Storage  |t 0  |e TR15 .P55 1969  |h Library of Congress classification  |i unmediated -- volume  |m A14805622032 
998 f f |a TR15 .P55 1969  |t 0  |l Remote Storage